Gvlielmi Bvdaei Parisien. Consiliarij regij, libellorumq; magistri in praetorio, Annotationes Priores in Pandectas Eivsdem In Easdem, Annotationes Posteriores siue Reliqvae nuper natae atq; aeditae

Bibliographic Details
Main Author: Budé, Guillaume, 1467-1540 (Author, Dedicator)
Corporate Author: Soter, Johann (Kolín nad Rýnom, Nemecko) (Printer)
Other Authors: Soter, Johann, zomrel 1543 (Printer)
Format: Book
Language:Latin
PhysicalDescription:[16] listov, 550 strán 8° 16,5 × 11,5 cm
Published: Coloniae opera [et] impensa Ioannis Soteris Anno M D XXVII. [=1527] Mense Aprili
Subjects:

MARC

LEADER 00000nam a2200000 a 4500
001 vtls001516091
003 SK-MaSNL
005 20260302073849.0
008 251112s1527 gw f 011 0 lat
015 |a SNBHFA1527 
035 |a 15805Mal 
035 |a urn:nbn:sk:snk-am3izgj 
035 |a 5F256283-80FD-4F79-9B71-0B77932306C3 
035 |a urn:nbn:sk:snk-am00gdnk 
040 |a SNKHF  |b slo  |c SNK  |e AACR2 
041 0 |a lat 
044 |a gw  |c DE 
072 7 |a 81  |x Lingvistika. Jazyky  |2 konspekt 
080 |a 81  |2 2011 
080 |a 811.124  |2 2011 
080 |a (0.072)  |2 2011 
100 1 |a Budé, Guillaume,  |d 1467-1540  |4 aut  |4 dto  |9 163714 
245 1 0 |a Gvlielmi Bvdaei Parisien. Consiliarij regij, libellorumq; magistri in praetorio, Annotationes Priores in Pandectas  |b Eivsdem In Easdem, Annotationes Posteriores siue Reliqvae nuper natae atq; aeditae 
260 |a Coloniae  |b opera [et] impensa Ioannis Soteris  |c Anno M D XXVII. [=1527] Mense Aprili 
300 |a [16] listov, 550 strán  |c 8°  |c 16,5 × 11,5 cm 
500 |a Iniciálky s ornamentálno-figurálnym pozadím na 9 a 10 riadkov, titulný list v drevorezovom portálovom ráme s figurálnou výzdobou 
501 |a Príväzok 1.: BUDÉ, Guillaume. Consiliarij regij libellorumq;, Altera aeditio an notationum in Pandectas. Coloniae: opera [et] impensa Ioannis Soteris, 1527.  |5 SNKID 101632/1-2/prív.1 
504 |a Marginálie, kustody 
508 |a Dedikácia: Budé, Guillaume; Ganay, Jean de 
510 4 |a VD 16 B/9076 
546 |a Latinčina  |b Antiqua  |b Kurzíva 
550 |a Impresum doplnené z kolofónu 
561 |a Z knižnice františkánov Bratislava.  |5 SNKID 101632/1-2 
562 |a Rukopisné exlibrisy: Conv. fratr. minorum Posonienis. - Bartphae 1751 4 Maij Fran. Rapskij possidet Hunc Librũ.  |5 SNKID 101632/1-2 
563 |a Väzba: tmavohnedá koža s ornamentálno-figurálnou slepotlačou, stopy po kovoých sponách, mierne poškodená.  |5 SNKID 101632/1-2 
650 0 7 |a lingvistika  |2 SNKPH  |9 860 
650 0 7 |a latinčina  |2 SNKPH  |9 3501 
650 0 7 |a slovníky  |2 SNKPH  |9 75778 
655 7 |a komentáre  |2 SNKPH  |9 70412 
700 1 |a Soter, Johann,  |d zomrel 1543  |4 prt  |9 130651 
700 1 |a Rapski, František  |d 1751  |4 fmo  |9 738787 
700 1 |a Ganay, Jean de,  |d asi 1450-1512  |4 hnr  |9 72481 
710 0 |a Františkáni (Bratislava, Slovensko)  |4 fmo  |9 281881 
710 0 |a Soter, Johann (Kolín nad Rýnom, Nemecko),  |d 1518-1543  |4 prt  |9 172888 
752 |a Nemecko  |d Kolín nad Rýnom 
852 |a snk  |b Františkáni Bratislava  |p ID 101632/1-2 
958 |a ONDV 
958 |a DA 
999 |c 1162671  |d 1164601 
952 |t Fr Ba 15 805  |a SNK  |b SNK  |c SNK_HF  |y PREZ  |7 0  |p 17A1356078  |o snkID 101632/1-2  |i snk2019/19099  |8 5  |z Kniha má jeden príväzok  |0 0  |1 0  |4 0  |d 2005-04-05  |f 1  |l 0  |r 2005-04-05 00:00:00  |w 2026-02-24